Motivácia žiakov na odbornom výcviku

Na minha lista:
Detalhes bibliográficos
Autor principal: Lidajová, Katarína, 1985- (Author)
Outros Autores: Tináková, Katarína, 1952- (Thesis advisor)
Formato: Manuscrito Livro
Idioma:eslovaco
Publicado em: STU v Bratislave MTF UIPH, 2010
Assuntos:
Acesso em linha:VAIS
Tags: Adicionar Tag
Sem tags, seja o primeiro a adicionar uma tag!

MARC

LEADER 00000ntm a22000003a 4500
001 stu207226
005 20160719160201.0
008 100710s2010------------------------slo-d
040 |a STU  |b slo 
041 0 |a slo 
100 1 |a Lidajová, Katarína,  |d 1985-  |4 aut  |X 37754  |7 A000037754 
242 0 0 |a Motivation of students in vocational training  |y eng 
245 1 |a Motivácia žiakov na odbornom výcviku 
260 |b STU v Bratislave MTF UIPH,  |c 2010 
650 7 |a motivácia  |2 stusub 
650 7 |a odborný výcvik  |2 stusub 
650 7 |a motivation  |2 estusub 
700 1 |a Tináková, Katarína,  |d 1952-  |4 ths  |u M220  |U MTF Ústav inžinierskej pedagogiky a humatitných vied  |T MTF Katedra inžinierskej pedagogiky a psychológie  |X 4180  |U M220  |Y M220  |7 A000004180 
856 4 |a info a plný text  |u http://is.stuba.sk/zp/portal_zp.pl?podrobnosti=25176  |3 VAIS 
996 |c M*BP-4917  |l MMSKP  |s P  |a 0  |w stu207226_0001